000 00917cab a2200277 4500
001 ABS46907
008 090401t1992 xxu||||| |||| 00| 0 eng d
035 _a(Sirsi) u60095
041 _aeng
100 _aMusgrove, P.
245 _aWind farming in the United Kingdom
260 _c1992
350 _a0
490 _aFarm Buildings and Engineering
_v1(9) 1992, 18-20(3)
520 _aCharts the progress of wind farming in this country, touching on the design of the turbines, the income it could bring to landowners, planning issues and making comparisons with wind farming in Denmark, where this alternative source of energy is welcomed.
650 _aBUILT ENVIRONMENT
650 _aDENMARK
650 _aELECTRICITY
650 _aENERGY
_96237
650 _aPLANNING
650 _aWIND FARMING
650 _aWIND TURBINES
690 _aEnvironment
_96238
942 _n0
948 _c04/03/1997
999 _c37015
_d37015